00385nam a22001337a 4500003000900000005001700009008004100026040002300067050001200090082000700102100002200109245011100131526000900242BD-DhUIB20251011194137.0251011b |||||||| |||| 00| 0 eng d aBD-DhUIBcBD-DhUIB a658.404 222 aHeerkens, Gary R. aThe business savvy project manager:bindispensable knowledge and skills for success/cby R. Gary Heerkens. aBBA.